The exploding university.

Saved in:
Bibliographic Details
Main Author: Cuyugan, R Santos
Format: Book
Language:English
Published: Manila?, 1966.
Subjects:
LEADER 00526nam a22001931 4500
001 c000195766
003 CARM
005 20021125001700.0
008 851003n ph 0 eng d
019 1 |a 3972997 
100 1 |a Cuyugan, R Santos. 
245 1 4 |a The exploding university. 
260 |a Manila?,  |c 1966. 
300 |a 16 ff. 
500 |a Processed. 
500 |a Cat. from cover. 
610 2 0 |a University of the Philippines. 
082 0 4 |a 378.599 
999 f f |i 497bbb5d-1237-5c6b-80d4-61b25cf22826  |s f9013931-be8e-5d03-8eb1-baf7f7796bfb